000 00724nam a22002297a 4500
003 UA-OsUOA
001 52629
007 ta
008 20150716b un ||||| |||| 00| 0 ukr d
090 _a94(477).152 США : 378
_bУ45
942 _cBR
040 _aUA-OsUOA
_bukr
_cUA-OsUOA
_dUA-OsUOA
245 _aУкраїнські Високі школи в Америці
300 _a32 с.
955 _a1
041 _aukr
080 _a94(477).152 США : 378
260 _aФіладельфія
_c1942
650 7 _a9 Географія. Біографії. Історія
_2UDC
999 _c432755
_d432755